| 000 | 00490nam a2200181Ia 4500 | ||
|---|---|---|---|
| 001 | 8386 | ||
| 005 | 20260306160605.0 | ||
| 008 | 260306t2018||||xx |||||||||||||| ||spa|| | ||
| 041 | _aESP | ||
| 082 |
_a370.7 _bW79 |
||
| 100 |
_aWood, Phil _eAUT |
||
| 245 | 0 |
_aInvestigar en educación: _bconceptos básicos y metodología para desarrollar proyectos de investigación |
|
| 260 | _c2018 | ||
| 300 |
_a132 páginas : _c24 cm. |
||
| 650 | _aGEN | ||
| 654 | _aCED | ||
| 942 |
_cLIB _dJUS _fJUS _2ddc _n |
||
| 999 |
_c8386 _d8386 |
||